[Event "NOR-ch Seniors 60"]
[Site "Larvik"]
[Date "2019.07.05"]
[Round "1"]
[White "Stake Larsen, Gunnar"]
[Black "Habberstad, Odd"]
[Result "1-0"]
[WhiteElo "1976"]
[BlackElo "1694"]
[PlyCount "53"]
[EventDate "2019.07.05"]
[EventType "swiss"]
[EventRounds "9"]
[EventCountry "NOR"]
[SourceTitle "EXT 2024"]
[Source "ChessBase"]
[SourceDate "2023.10.10"]
[SourceVersion "1"]
[SourceVersionDate "2023.10.10"]
[SourceQuality "1"]

1. d4 Nf6 2. c4 d6 3. Nc3 e5 4. dxe5 dxe5 5. Qxd8+ Kxd8 6. Nf3 Nbd7 7. Bg5 c6 8. 0-0-0 Kc7 9. e3 Bb4 10. Na4 Re8 11. a3 Bf8 12. Bh4 Ne4 13. Bd3 Ndc5 14. Nxc5 Nxc5 15. Bc2 Bg4 16. h3 Bxf3 17. gxf3 g6 18. Rd2 a5 19. Rhd1 a4 20. Bf6 Rac8 21. Kb1 Kb8 22. Bd8 b5 23. cxb5 cxb5 24. Bh4 Kb7 25. Rd5 Kb6 26. Bf6 Rc6 27. Bxe5 1-0

[Event "Oslo-ch"]
[Site "Oslo"]
[Date "2017.??.??"]
[Round "6"]
[White "Rolstad, Morten"]
[Black "Habberstad, Odd"]
[Result "1-0"]
[WhiteElo "1753"]
[BlackElo "1713"]
[PlyCount "121"]
[EventDate "2017.08.16"]
[EventType "swiss"]
[EventRounds "9"]
[EventCountry "NOR"]
[SourceTitle "EXT 2024"]
[Source "ChessBase"]
[SourceDate "2023.10.10"]
[SourceVersion "1"]
[SourceVersionDate "2023.10.10"]
[SourceQuality "1"]

1. Nf3 d6 2. d4 Nf6 3. g3 Nbd7 4. Bg2 e5 5. c4 Be7 6. 0-0 0-0 7. Nc3 c6 8. e4 Re8 9. d5 Nc5 10. Qc2 a5 11. h3 Qc7 12. Qe2 Bd7 13. b3 Qb8 14. Bd2 cxd5 15. exd5 h6 16. g4 Nh7 17. Ne4 Nxe4 18. Qxe4 Qd8 19. Qe2 Bf6 20. Be3 Ng5 21. Nd2 Qe7 22. Rae1 Qf8 23. Qd1 b5 24. Qc2 Rac8 25. h4 Nh7 26. Be4 g6 27. h5 Bxg4 28. hxg6 fxg6 29. Bxg6 Re7 30. Ne4 Ng5 31. Nxg5 Bxg5 32. Bxg5 hxg5 33. Re3 Qf4 34. Qe4 bxc4 35. Rg3 Bd7 36. bxc4 Rxc4 37. Qb1 Rb4 38. Qc1 Rc4 39. Qb1 Rb4 40. Qc1 Rc4 41. Qd1 Rd4 42. Qh5 Rg7 43. Rxg5 Be8 44. Rg2 Bxg6 45. Rxg6 Rxg6+ 46. Qxg6+ Kf8 47. Qxd6+ Kg7 48. Qe7+ Kg6 49. Qe6+ Qf6 50. Re1 Qxe6 51. dxe6 e4 52. f3 Kf6 53. Rxe4 Rd1+ 54. Kf2 Ke7 55. f4 Rd2+ 56. Re2 Rd5 57. Kf3 Rd3+ 58. Kg4 Rd1 59. Re4 Rg1+ 60. Kf5 Rd1 61. Ke5 1-0

[Event "Oslo-ch"]
[Site "Oslo"]
[Date "2017.??.??"]
[Round "2"]
[White "Sather, Einar"]
[Black "Habberstad, Odd"]
[Result "0-1"]
[WhiteElo "1120"]
[BlackElo "1713"]
[PlyCount "74"]
[EventDate "2017.08.16"]
[EventType "swiss"]
[EventRounds "9"]
[EventCountry "NOR"]
[SourceTitle "EXT 2024"]
[Source "ChessBase"]
[SourceDate "2023.10.10"]
[SourceVersion "1"]
[SourceVersionDate "2023.10.10"]
[SourceQuality "1"]

1. g3 Nf6 2. Bg2 g6 3. Nf3 Bg7 4. 0-0 0-0 5. d4 d6 6. c4 Nc6 7. Nc3 a6 8. Re1 Rb8 9. e4 Bd7 10. d5 Na5 11. Qd3 b5 12. b3 bxc4 13. bxc4 c6 14. Be3 c5 15. Bd2 Ng4 16. Rac1 Qc7 17. h3 Ne5 18. Nxe5 Bxe5 19. Ne2 Rb2 20. Rc2 Rfb8 21. Rxb2 Rxb2 22. Bc3 Bxc3 23. Nxc3 Rb4 24. Rc1 Nxc4 25. Nd1 Bb5 26. Qc3 Qa5 27. Qc2 Ne5 28. Ra1 Qa3 29. Ne3 Rb2 30. Qc1 Nd3 31. Nc2 Qc3 32. Qe3 Qxc2 33. Rf1 Rxa2 34. Bf3 Ne5 35. Bd1 Qd2 36. Re1 Qxe3 37. fxe3 Ra1 0-1

[Event "OSS CC-ch B"]
[Site "Oslo"]
[Date "2016.??.??"]
[Round "3"]
[White "Eriksen, Dagfinn"]
[Black "Habberstad, Odd"]
[Result "1-0"]
[WhiteElo "1588"]
[BlackElo "1531"]
[PlyCount "43"]
[EventDate "2016.09.01"]
[EventType "swiss"]
[EventRounds "9"]
[EventCountry "NOR"]
[SourceTitle "EXT 2024"]
[Source "ChessBase"]
[SourceDate "2023.10.10"]
[SourceVersion "1"]
[SourceVersionDate "2023.10.10"]
[SourceQuality "1"]

1. f4 d5 2. b3 Nf6 3. Bb2 e6 4. Nf3 b6 5. e3 c5 6. Bb5+ Bd7 7. Bxd7+ Nbxd7 8. 0-0 Be7 9. Ne5 Qc7 10. Qf3 0-0 11. d3 Nxe5 12. Bxe5 Qd7 13. Nd2 Ne8 14. Qh3 Bf6 15. Rf3 Bxe5 16. fxe5 f5 17. Qh4 Qd8 18. Qf4 Rc8 19. Rh3 Rc7 20. Nf3 h6 21. Qg3 Kh7 22. Ng5+ 1-0

[Event "NOR-ch Seniors-A"]
[Site "Lillehammer"]
[Date "2013.07.03"]
[Round "6"]
[White "Habberstad, Odd"]
[Black "Fystro, Odd Ivar"]
[Result "1-0"]
[WhiteElo "1865"]
[BlackElo "1641"]
[PlyCount "57"]
[EventDate "2013.06.29"]
[EventType "swiss"]
[EventRounds "9"]
[EventCountry "NOR"]
[SourceTitle "EXT 2014"]
[Source "ChessBase"]
[SourceDate "2013.11.20"]
[SourceVersion "1"]
[SourceVersionDate "2013.11.20"]
[SourceQuality "1"]

1. e4 c5 2. Nc3 Nc6 3. g3 g6 4. Bg2 Bg7 5. d3 e6 6. Nge2 Nge7 7. Be3 d6 8. Qd2 Nd4 9. 0-0 Nec6 10. Nd1 Nxe2+ 11. Qxe2 0-0 12. c3 e5 13. Qd2 Be6 14. f4 f5 15. Nf2 Qd7 16. exf5 Bxf5 17. Ne4 Rad8 18. Ng5 Ne7 19. d4 b6 20. Nf3 Be4 21. dxe5 Bxf3 22. Bxf3 dxe5 23. Qxd7 Rxd7 24. fxe5 Bxe5 25. Bh6 Bg7 26. Bf4 Bf6 27. Rad1 Rfd8 28. Rxd7 Rxd7 29. Rd1 1-0

[Event "NOR-ch Seniors-A"]
[Site "Lillehammer"]
[Date "2013.06.29"]
[Round "5"]
[White "Solli, Oddvar"]
[Black "Habberstad, Odd"]
[Result "0-1"]
[WhiteElo "1630"]
[BlackElo "1555"]
[PlyCount "36"]
[EventDate "2013.06.29"]
[EventType "swiss"]
[EventRounds "9"]
[EventCountry "NOR"]
[SourceTitle "EXT 2017"]
[Source "ChessBase"]
[SourceDate "2016.10.25"]
[SourceVersion "1"]
[SourceVersionDate "2016.10.25"]
[SourceQuality "1"]

1. Nf3 Nf6 2. c4 d6 3. Nc3 c6 4. d4 Nbd7 5. e4 e5 6. Be2 Be7 7. 0-0 a6 8. Nh4 g6 9. Bh6 exd4 10. Qxd4 Nc5 11. e5 Ne6 12. Qe3 Ng8 13. Nf3 Nxh6 14. Qxh6 Bf8 15. Qe3 dxe5 16. Rad1 Qc7 17. Nxe5 Bg7 18. Ng4 h5 0-1

[Event "NOR-ch Seniors-A"]
[Site "Lillehammer"]
[Date "2013.06.29"]
[Round "3"]
[White "Tveten, Per"]
[Black "Habberstad, Odd"]
[Result "1/2-1/2"]
[WhiteElo "1500"]
[BlackElo "1555"]
[PlyCount "60"]
[EventDate "2013.06.29"]
[EventType "swiss"]
[EventRounds "9"]
[EventCountry "NOR"]
[SourceTitle "EXT 2017"]
[Source "ChessBase"]
[SourceDate "2016.10.25"]
[SourceVersion "1"]
[SourceVersionDate "2016.10.25"]
[SourceQuality "1"]

1. e4 c6 2. d4 d5 3. Nc3 dxe4 4. Nxe4 Nd7 5. Nf3 Ngf6 6. Nxf6+ Nxf6 7. Bd3 Bg4 8. c3 e6 9. h3 Bxf3 10. Qxf3 Qd5 11. Qxd5 Nxd5 12. 0-0 Bd6 13. a3 0-0 14. f4 Rfe8 15. Bd2 Rad8 16. Rae1 g6 17. g4 a6 18. f5 exf5 19. Rxe8+ Rxe8 20. gxf5 Kg7 21. c4 Nc7 22. f6+ Kg8 23. Kg2 Re6 24. c5 Bf8 25. Bc4 Re8 26. Rf3 Rd8 27. Rd3 Nd5 28. Bxd5 Rxd5 29. Bf4 h6 30. b4 Rd8 1/2-1/2